000 00242nam a22000857a 4500
008 161201b xxu||||| |||| 00| 0 eng d
100 _91710
_aBhatt. C
245 _aInteraction in english literature Reader
260 _aNew delhi
_bFrank brothers
_c2006
999 _c4423
_d4423